Arquitectura religiosa y libertad creadora de nuestras comunidades (Registro nro. 69713)
[ vista simple ]
| 000 -LÍDER | |
|---|---|
| Campo fijo de descripción fija | 01870nab a2200253 i 4500 |
| 001 - NÚMERO DE CONTROL | |
| Campo de control | 768714001 |
| 003 - IDENTIFICADOR DEL NÚMERO DE CONTROL | |
| Campo de control | CO-MdFUSB |
| 005 - FECHA Y HORA DE LA ULTIMA TRANSACCIÓN | |
| control field | 20240515113746.0 |
| 008 - ELEMENTOS DE LONGITUD FIJA -- INFORMACIÓN GENERAL | |
| Campo fijo de descripción fija -- Información general | 240515t1971 sp ||||| |||| 00| 0 spa d |
| 040 ## - FUENTE DE CATALOGACIÓN | |
| Idioma de catalogación | spa |
| Agencia que realiza la transcripción | CO-MdFUSB |
| Agencia que realiza la modificación | CO-MdFUSB |
| 041 ## - CÓDIGO DE IDIOMA | |
| Código de idioma para texto/pista de sonido o título separado | spa |
| 100 ## - ASIENTO PRINCIPAL--NOMBRE PERSONAL | |
| Nombre personal | Rombold, Günter, |
| Fechas asociadas con el nombre | 1925- |
| Término relacionador | autor |
| 245 ## - TÍTULO | |
| Título | Arquitectura religiosa y libertad creadora de nuestras comunidades |
| Mención de responsabilidad | / Günter Rombold ; traducido por Jesús Rey |
| 520 ## - NOTA DE RESUMEN, ETC. | |
| Nota de sumario, etc. | Este artículo inicia con preguntas como: ¿Por qué razón tiene que ser la iglesia el sitio más aburrido del mundo? ¿Tiene que ser necesariamente el local en que la gente se sienta en sus bancos mientras actúa sólo el párroco? ? ¿Acaso era una casualidad el hecho de que se siguieran construyendo iglesias al estilo del siglo pasado y que en nuestros templos tuviera la cursilería entrada triunfal?<br/>Se nos puede contestar: todo esto ha cambiado. Hoy tenemos una liturgia renovada y un estilo moderno de construcción de iglesias. En los últimos veinte años han surgido miles de iglesias "modernas". Hemos levantado catedrales de acero y hormigón, entre las que podemos señalar incluso obras maestras. Es digno de observar que en los últimos años se ha ido haciendo cada vez más incómodo este tipo de edificios; da la impresión como si la Iglesia tuviese aspiraciones de nueva consideración y prestigio. <br/> |
| 650 #7 - ASIENTO SECUNDARIO DE MATERIA - TERMINO TEMÁTICO | |
| Término temático o nombre geográfico como elemento de entrada | Liturgia |
| 9 (RLIN) | 206 |
| 650 #0 - ASIENTO SECUNDARIO DE MATERIA - TERMINO TEMÁTICO | |
| Término temático o nombre geográfico como elemento de entrada | Historia de la Iglesia |
| 9 (RLIN) | 153 |
| 650 #0 - ASIENTO SECUNDARIO DE MATERIA - TERMINO TEMÁTICO | |
| Término temático o nombre geográfico como elemento de entrada | Iglesias (Arquitectura) |
| 9 (RLIN) | 1122 |
| 650 #7 - ASIENTO SECUNDARIO DE MATERIA - TERMINO TEMÁTICO | |
| Término temático o nombre geográfico como elemento de entrada | Cristianismo y cultura |
| 9 (RLIN) | 6959 |
| 653 ## - TÉRMINO DE INDIZACIÓN - NO CONTROLADO | |
| Término no controlado | Culto y el cristiano de hoy |
| 700 ## - ENTR. SECUNDARIA - Nombre Personal (R) | |
| Nombre de persona | Rey, Jesús, |
| Término indicativo de función | traductor |
| 773 0# - ASIENTO DE ITEM FUENTE | |
| Biblionumber | 49450 |
| Itemnumber | 82629 |
| Otro identificador del ítem | R2552 |
| Título | Revista internacional de teología Concilium |
| Número de control del registro | (CO-MdFUSB)8 |
| Número Internacional Normalizado para Publicaciones Seriadas (ISSN) | 0210-1041 |
| Parte(s) relacionada(s) / Volumen., número. (mes año), páginas | Número 62, (febrero, 1971), páginas: 251 - 259 |
| Enumeración y primera página | página: 251 |
| 942 ## - TIPO DE MATERIAL (KOHA) | |
| Tipo de Item KOHA | Artículos de Revista |
| 945 ## - INFORMACIÓN LOCAL DEL REGISTRO | |
| Catalogador | Catherine Arias Alvarez - Practicante SENA |
No hay ítems disponibles.
